Подробности
| 000 -МАРКЕР |
| контрольное поле |
03289nam0a2200445 4500 |
| 001 - ИДЕНТИФИКАТОР ЗАПИСИ |
| контрольное поле |
RU\NLR\bibl\1299511 |
| 005 - ИДЕНТИФИКАТОР ВЕРСИИ |
| контрольное поле |
20260407192114.0 |
| 010 ## - МЕЖДУНАРОДНЫЙ СТАНДАРТНЫЙ НОМЕР КНИГИ (ISBN) |
| Номер (ISBN) |
978-5-91427-003-9 |
| Тираж |
100 |
| 021 ## - НОМЕР ГОСУДАРСТВЕННОЙ РЕГИСТРАЦИИ |
| Код страны |
Российская Федерация |
| Номер |
2008-78771 |
| Номер Листа государственной регистраци |
4577 |
| 035 ## - ДРУГИЕ СИСТЕМНЫЕ НОМЕРА |
| Идентификатор записи |
(NLR Aleph) 001285109 |
| 100 ## - ДАННЫЕ ОБЩЕЙ ОБРАБОТКИ |
| Данные общей обработки |
20081127d2008 |||y0rusy50 ca |
| 101 0# - ЯЗЫК РЕСУРСА |
| Язык текста, звукозаписи и т.д. |
русский |
| 102 ## - СТРАНА ПУБЛИКАЦИИ ИЛИ ПРОИЗВОДСТВА |
| Страна публикации |
Российская Федерация |
| 105 ## - ПОЛЕ КОДИРОВАННЫХ ДАННЫХ: ТЕКСТОВЫЕ МАТЕРИАЛЫ, МОНОГРАФИЧЕСКИЕ |
| Кодированные данные о монографическом текстовом документе |
ab ||||||||| |
| 200 1# - ЗАГЛАВИЕ И СВЕДЕНИЯ ОБ ОТВЕТСТВЕННОСТИ |
| Основное заглавие |
XVI Неделя науки МГТУ |
| Сведения, относящиеся к заглавию |
[материалы] |
| Первые сведения об ответственности |
Федер. агентство по образованию М-ва образования и науки Рос. Федерации, Майкоп. гос. технол. ун-т |
| 210 ## - ПУБЛИКАЦИЯ, РАСПРОСТРАНЕНИЕ И ДР. |
| Место издания, распространения и т.д. |
Майкоп |
| Имя издателя, распространителя и т. д. |
Аякс |
| Дата издания, распространения и т.д. |
2008 |
| 215 ## - ФИЗИЧЕСКАЯ ХАРАКТЕРИСТИКА |
| Специфическое обозначение материала и объем |
226 с. |
| Другие сведения о физической характеристике |
ил., карт. |
| Размеры |
30 |
| 300 ## - ОБЩИЕ ПРИМЕЧАНИЯ |
| Текст примечания |
В макете загл.: Материалы XVI Недели науки МГТУ |
| 320 ## - ПРИМЕЧАНИЯ О НАЛИЧИИ В ДОКУМЕНТЕ БИБЛИОГРАФИИ / УКАЗАТЕЛЯ |
| Текст примечания |
Библиогр. в конце докл. |
| 327 1# - ПРИМЕЧАНИЯ О СОДЕРЖАНИИ |
| Текст примечания |
Содерж.: XII Всероссийская научно-практическая конференция "Образование-наука-технологии", XI Всероссийская научно-практическая конференция "Агропромышленный комплекс и актуальные проблемы экономики регионов", XI Международная научно-практическая конференция "Экологические проблемы современности" |
| 517 0# - ДРУГИЕ ВАРИАНТЫ ЗАГЛАВИЯ |
| Вариант заглавия |
Материалы XVI Недели науки МГТУ |
| 606 1# - НАИМЕНОВАНИЕ ТЕМЫ КАК ПРЕДМЕТ |
| Наименование темы |
Сельское хозяйство |
| Формальный подзаголовок |
Съезды, совещания и т.п. |
| Тематический подзаголовок |
Экологически чистые технологии |
| Системный номер авторитетной/нормативной записи |
2293888 |
| Идентификатор авторитетной/нормативной записи |
RU\NLR\auth\661373652 |
| 606 1# - НАИМЕНОВАНИЕ ТЕМЫ КАК ПРЕДМЕТ |
| Наименование темы |
Агропромышленные комплексы |
| Формальный подзаголовок |
Съезды, совещания и т.п. |
| Географический подзаголовок |
Российская Федерация |
| Системный номер авторитетной/нормативной записи |
2096204 |
| Идентификатор авторитетной/нормативной записи |
RU\NLR\auth\661268277 |
| 606 ## - НАИМЕНОВАНИЕ ТЕМЫ КАК ПРЕДМЕТ |
| Наименование темы |
Образование |
| Формальный подзаголовок |
Съезды, совещания и т.п. |
| Географический подзаголовок |
Российская Федерация |
| Системный номер авторитетной/нормативной записи |
2296847 |
| Идентификатор авторитетной/нормативной записи |
RU\NLR\AUTH\661375304 |
| 686 ## - ИНДЕКСЫ ДРУГИХ КЛАССИФИКАЦИЙ |
| Индекс |
Ч34(2Р)я431 |
| 686 ## - ИНДЕКСЫ ДРУГИХ КЛАССИФИКАЦИЙ |
| Индекс |
П028я431(0) |
| 686 ## - ИНДЕКСЫ ДРУГИХ КЛАССИФИКАЦИЙ |
| Индекс |
У32(2)-434(2Р)я431 |
| 686 ## - ИНДЕКСЫ ДРУГИХ КЛАССИФИКАЦИЙ |
| Индекс |
У28(0)1я431 |
| 710 02 - НАИМЕНОВАНИЕ ОРГАНИЗАЦИИ - ПЕРВИЧНАЯ ОТВЕТСТВЕННОСТЬ |
| Начальный элемент ввода |
Майкопский государственный технологический университет |
| Структурное подразделение |
Неделя науки |
| Порядковый номер временной организации и / или порядковый номер ее части |
16 |
| Дата проведения временной организации |
2008 |
| Идентификатор авторитетной/нормативной записи |
RU\NLR\AUTH\8810125419 |
| Системный номер авторитетной/нормативной записи |
748262 |
| 711 12 - НАИМЕНОВАНИЕ ОРГАНИЗАЦИИ - АЛЬТЕРНАТИВНАЯ ОТВЕТСТВЕННОСТЬ |
| Начальный элемент ввода |
"Образование-наука-технологии", всероссийская научно-практическая конференция |
| Порядковый номер временной организации и / или порядковый номер ее части |
12 |
| Дата проведения временной организации |
2008 |
| Место проведения временной организации |
Майкоп |
| Идентификатор авторитетной/нормативной записи |
RU\NLR\AUTH\8810125420 |
| Системный номер авторитетной/нормативной записи |
748264 |
| 711 12 - НАИМЕНОВАНИЕ ОРГАНИЗАЦИИ - АЛЬТЕРНАТИВНАЯ ОТВЕТСТВЕННОСТЬ |
| Начальный элемент ввода |
"Агропромышленный комплекс и актуальные проблемы экономики регионов", всероссийская научно-практическая конференция |
| Порядковый номер временной организации и / или порядковый номер ее части |
11 |
| Дата проведения временной организации |
2008 |
| Место проведения временной организации |
Майкоп |
| Идентификатор авторитетной/нормативной записи |
RU\NLR\AUTH\8810125421 |
| Системный номер авторитетной/нормативной записи |
748266 |
| 711 12 - НАИМЕНОВАНИЕ ОРГАНИЗАЦИИ - АЛЬТЕРНАТИВНАЯ ОТВЕТСТВЕННОСТЬ |
| Начальный элемент ввода |
"Экологические проблемы современности", международная научно-практическая конференция |
| Порядковый номер временной организации и / или порядковый номер ее части |
11 |
| Дата проведения временной организации |
2008 |
| Место проведения временной организации |
Майкоп |
| Идентификатор авторитетной/нормативной записи |
RU\NLR\AUTH\8810125422 |
| Системный номер авторитетной/нормативной записи |
748268 |
| 801 #0 - ИСТОЧНИК ЗАПИСИ |
| Страна |
Российская Федерация |
| Организация |
NLR |
| Дата составления |
20081127 |
| Правила каталогизации |
RCR |
| 801 #1 - ИСТОЧНИК ЗАПИСИ |
| Страна |
Российская Федерация |
| Организация |
NLR |
| Дата составления |
20081127 |
| 942 ## - ДОПОЛНИТЕЛЬНЫЕ ЭЛЕМЕНТЫ ЗАПИСИ (АБИС) |
| Тип экземпляра АБИС |
Книга |
| 980 ## - КОЛЛЕКЦИЯ |
| Название коллекции |
Национальная библиография |
| 980 ## - КОЛЛЕКЦИЯ |
| Название коллекции |
НБР |